Multi-Category Minefield Blitz XXV Quiz Stats

 Plays Quiz Updated Mar 6, 2019

Support Sporcle.
Go Orange.
Score 0/30 Timer 01:00
8 Plays Today
% Correct
???
56.4%
???
56.3%
???
54.5%
???
51.6%
???
51.3%
???
50.4%
???
50.3%
???
50.2%
???
49.8%
???
48%
???
47.9%
???
47.7%
???
47.7%
???
45.5%
???
44.3%
% Correct
???
43.2%
???
43.1%
???
41.9%
???
41.6%
???
40.3%
???
40.1%
???
39.5%
???
38.8%
???
38.5%
???
37.5%
???
36.6%
???
35.7%
???
35.4%
???
31.6%
???
29.8%

From the Vault

TV Opening Themes by Clip

by amaranth

They'll be stuck in your head soon enough.
Remove Ads.
Support Sporcle.
Get the best of Sporcle when you Go Orange. This ad-free experience offers more features, more stats, and more fun while also helping to support Sporcle. Thank you for becoming a member.

Show Comments

Extras

Top Quizzes Today


Score Distribution

Your Account Isn't Verified!

In order to create a playlist on Sporcle, you need to verify the email address you used during registration. Go to your Sporcle Settings to finish the process.

Report this User

Report this user for behavior that violates our Community Guidelines.

Details: